000 00241nam a2200097Ia 4500
001 688375
005 20250826161614.0
008 250824s9999 xx 000 0 und d
245 0 _aDOĞAL EBEVEYNLİK
_cADEM GÜNEŞ
260 _bTİMAŞ YAYINLARI
999 _c688375
_d688375